[Event "Kuwait Rapid op 1st"]
[Site "Kuwait City"]
[Date "2025.01.09"]
[Round "3"]
[White "Khalaf, Ali"]
[Black "Jinay, Ankitbhai Shah"]
[Result "1-0"]
[WhiteElo "1744"]
[BlackElo "1482"]
[PlyCount "41"]
[EventDate "2025.01.09"]
[EventType "swiss (rapid)"]
[EventRounds "9"]
[EventCountry "KUW"]
[SourceTitle "CB03_2025"]
[SourceDate "2025.01.15"]
[SourceVersion "1"]
[SourceVersionDate "2025.01.15"]
[SourceQuality "1"]

1. e4 c5 2. Nc3 d6 3. f4 Nc6 4. Nf3 Nf6 5. Bb5 Bd7 6. d3 g6 7. 0-0 Bg7 8. Bxc6 Bxc6 9. Qe1 0-0 10. Qh4 b5 11. f5 b4 12. Ne2 Qc7 13. Bh6 e6 14. fxe6 fxe6 15. Ng5 Rae8 16. Nf4 Bxh6 17. Qxh6 Bd7 18. Nxg6 hxg6 19. Qxg6+ Kh8 20. Rxf6 Rxf6 21. Qh7# 1-0

[Event "KUW-ch"]
[Site "Qadsiya"]
[Date "2022.03.16"]
[Round "9"]
[White "Khalaf, Ali"]
[Black "Hussain, Hashem"]
[Result "1/2-1/2"]
[WhiteElo "1539"]
[BlackElo "1692"]
[PlyCount "42"]
[EventDate "2022.03.06"]
[EventType "tourn"]
[EventRounds "9"]
[EventCountry "KUW"]
[SourceTitle "CBM 207 Extra"]
[Source "ChessBase"]
[SourceDate "2022.05.31"]
[SourceVersion "1"]
[SourceVersionDate "2022.05.31"]
[SourceQuality "1"]

1. e4 c5 2. Nf3 Nc6 3. d4 cxd4 4. Nxd4 g6 5. Be3 Bg7 6. Nc3 Nf6 7. f3 d5 8. Nxc6 bxc6 9. exd5 cxd5 10. Bb5+ Bd7 11. Bxd7+ Qxd7 12. Bd4 0-0 13. 0-0 Rfe8 14. Bxf6 Bxf6 15. Nxd5 Qb5 16. Nxf6+ exf6 17. Qd4 Rad8 18. Qxf6 Qc5+ 19. Kh1 Qxc2 20. Rfe1 Rxe1+ 21. Rxe1 Rd1 1/2-1/2